MAGNETICALLY TARGETED DRUG DELIVERY SYSTEM BY IMAGINE TEACHNOLOGY / (Record no. 524980)

000 -LEADER
fixed length control field 00513nam a22001697a 4500
003 - CONTROL NUMBER IDENTIFIER
control field NUST
038 ## - RECORD CONTENT LICENSOR
Staff Name Mr.Zahoor
082 ## - DEWEY DECIMAL CLASSIFICATION NUMBER
Classification number 610.28
100 ## - MAIN ENTRY--PERSONAL NAME
Personal name Inam, Hafsa
9 (RLIN) 16055
245 ## - TITLE STATEMENT
Title MAGNETICALLY TARGETED DRUG DELIVERY SYSTEM BY IMAGINE TEACHNOLOGY /
Statement of responsibility, etc. Hafsa Inam
300 ## - PHYSICAL DESCRIPTION
Extent xii, 40 p. ; ill. :
Dimensions 30cm.
500 ## - GENERAL NOTE
General note Hardcover.
650 ## - SUBJECT ADDED ENTRY--TOPICAL TERM
Topical term or geographic name entry element Biomedical Science - MS Thesis.
9 (RLIN) 16111
700 ## - ADDED ENTRY--PERSONAL NAME
Personal name Dr. Umar Ansari.
9 (RLIN) 16112
856 ## - ELECTRONIC LOCATION AND ACCESS
Uniform Resource Identifier <a href="http://10.250.8.41:8080/xmlui/handle/123456789/6652">http://10.250.8.41:8080/xmlui/handle/123456789/6652</a>
942 ## - ADDED ENTRY ELEMENTS (KOHA)
Source of classification or shelving scheme
Koha item type Thesis
Holdings
Withdrawn status Lost status Source of classification or shelving scheme Damaged status Not for loan Permanent Location Current Location Shelving location Date acquired Full call number Barcode Date last seen Price effective from Koha item type
          Central Library (CL) Central Library (CL) Thesis 06/27/2019 610.28 CL-T-1909 06/30/2019 06/27/2019 Thesis
© 2023 Central Library, National University of Sciences and Technology. All Rights Reserved.